1 image 🖼️, 1 jeu 🎮 ! N°4 - Statistiques

Statistiques générales
  • Ce quiz a été pris 27 fois
  • Le résultat moyen est 7 sur 20
Statistiques - réponses
Par images Hint Réponse % Correct
1999 / Toutes les consoles Tony Hawk's Skateboarding
84%
2023 / Toutes les plateformes Street Fighter 6
68%
2006 / PlayStation 2 Ōkami
64%
2001 / GameCube Super Smash Bros. Melee
64%
2006 / PC Garry's Mod
52%
2022 / PC Golf Gang
44%
2013 / Toutes les plateformes Ni no Kuni: La Vengeance de la sorcière céleste
44%
2019 / Toutes les plateformes Anthem
36%
1995 / SNES Chrono Trigger
32%
2015 / Toutes les plateformes Darkest Dungeon
32%
2011 / Toutes les plateformes Warhammer 40,000: Space Marine
28%
2007 / PlayStation 2, PSP Burnout Dominator
24%
2013 / PlayStation 4 Killzone: Shadow Fall
24%
2020 / Toutes les plateformes Neon Abyss
20%
2016 / PC, Xbox One Starbound
20%
2018 / Toutes les plateformes Surviving Mars
20%
2021 / Toutes les plateformes Death's Door
16%
2005 / Toutes les plateformes FEAR
16%
2004 / PlayStation 2, Xbox Need For Speed: Underground 2
16%
2010 / Nintendo DS Solatorobo: Red the Hunter
0%
Aucun quiz correspondant
Distribution des résultats
% des personnes avec chaque résultat
Percentile par nombre de réponses
Votre historique - résultats
Vous n’avez pas pris ce quiz